Greek Pottery from the Iberian Peninsula : Archaic and Classical Periods /
Excavations on the Iberian Peninsula yield more and more Archaic and Classical Greek material every year. This is the first book to be published in English that discusses Archaic and Classical Greek pottery found in that area. The volume provides elaborate and up-to-date information. The first chapt...
المؤلفون الرئيسيون: ,
مؤلفون آخرون:
التنسيق: كتاب الكتروني
اللغة: English
منشور في:
Leiden; Boston :
BRILL,
2001.
سلاسل:
Brill Book Archive Part 1, ISBN: 9789004472495.
الموضوعات:
الوصول للمادة أونلاين: Login to view Source
الوسوم: إضافة وسم
رقم الطلب: DP302
| LEADER | 02854nam a22005298i 4500 | ||
|---|---|---|---|
| 001 | BRILL9789004494060 | ||
| 003 | nllekb | ||
| 005 | 20230529212631.0 | ||
| 006 | m d | ||
| 007 | cr un uuuua | ||
| 008 | 200716s2001 ne sb 001 0 eng d | ||
| 010 | |z 2001025999 | ||
| 020 | |a 9789004494060 |q (electronic book) | ||
| 020 | |a 9789004116047 |q (print) | ||
| 024 | 7 | |a 10.1163/9789004494060 |2 DOI | |
| 035 | |z (OCoLC)46683556 | ||
| 040 | |a NL-LeKB |c NL-LeKB |e rda | ||
| 050 | 4 | |a DP302 | |
| 072 | 7 | |a HDDK |2 bicssc | |
| 072 | 7 | |a SOC |x 003000 |2 bisacsh | |
| 072 | 7 | |a HIS |x 002020 |2 bisacsh | |
| 072 | 7 | |a HIS |x 002010 |2 bisacsh | |
| 082 | 0 | 4 | |a 016.9366 |2 23 |
| 100 | 1 | |a Domínguez, Adolfo |e author. | |
| 245 | 1 | 0 | |a Greek Pottery from the Iberian Peninsula : |b Archaic and Classical Periods / |c Adolfo Domínguez, Carmen Sánchez |
| 246 | 3 | |a Archaic and Classical Periods | |
| 264 | 1 | |a Leiden; |a Boston : |b BRILL, |c 2001. | |
| 300 | |a 1 online resource. | ||
| 336 | |a text |b txt |2 rdacontent | ||
| 337 | |a computer |b c |2 rdamedia | ||
| 338 | |a online resource |2 rdacarrier | ||
| 490 | 1 | |a Brill Book Archive Part 1, ISBN: 9789004472495 | |
| 504 | |a Includes bibliographical references and index. | ||
| 520 | |a Excavations on the Iberian Peninsula yield more and more Archaic and Classical Greek material every year. This is the first book to be published in English that discusses Archaic and Classical Greek pottery found in that area. The volume provides elaborate and up-to-date information. The first chapter (by A. Domínguez) is dedicated to Archaic pottery and covers the whole Peninsula; the second (by C. Sánchez) covers the Classical period, mainly based on the study of Attic pottery from Eastern Andalusia. Both chapters contain a catalogue with many illustrations. Not just finds are listed, but distribution and shape studies are included, as well as a discussion of how the local Iberian population viewed Attic painted pottery. The final chapter gives a general overview of trade, based upon the information presented in the previous chapters. | ||
| 559 | 4 | |a DP302 | |
| 588 | |a Description based on print version record. | ||
| 650 | 0 | |a Excavations (Archaeology) |z Spain |z Andalusia |v Catalogs. | |
| 650 | 0 | |a Greeks |z Spain |z Andalusia. | |
| 650 | 0 | |a Pottery, Greek |z Spain |z Andalusia |v Catalogs. | |
| 700 | 1 | |a Sánchez, Carmen, |e author. | |
| 700 | 1 | |a Tsetskhladze, G.R., |e editor. | |
| 776 | 0 | 8 | |i Print version: |t Greek Pottery from the Iberian Peninsula : Archaic and Classical Periods. |d Leiden ; Boston : BRILL, 2001 |z 9789004116047 |
| 830 | 0 | |a Brill Book Archive Part 1, ISBN: 9789004472495. | |
| 856 | 4 | |z DOI: |u http://dx.doi.org/10.1163/9789004494060 | |
| 942 | |2 lcc |c EBOOK | ||
| 952 | |0 0 |1 0 |2 lcc |4 0 |6 DP0302 |7 1 |9 48882 |a BRILL |b BRILL |d 2023-05-29 |l 0 |o DP302 |r 2023-05-29 00:00:00 |w 2023-05-29 |y EBOOK | ||
| 999 | |c 54226 |d 54226 | ||
